000 00678nam a22002177a 4500
999 _c3037
_d3037
001 3037
003 BD-JhCC
005 20171109170106.0
008 171109s1995 bg |||| |||| 000 0 ben d
035 _a(BD-JhCC)3037
040 _aBD-JhCC
_dBD-JhCC
041 _aben
082 _a891.4409
_bIBR 1995
100 _aইব্রাহিম, নীলিমা
245 _aশতাব্দীর অন্ধকারে /
_cনীলিমা ইব্রাহিম
260 _aঢাকা:
_bমুক্তধারা,
_c১৯৯৫,
300 _a৮৫ পৃ. :
_c২২ সেমি.
650 _aCollectioin of Essays
942 _2ddc
_cBK